000 01725cam a22004454i 4500
003 PE-LiUPU
005 20250731183347.0
008 010823s1999 nyu r 000 0 eng d
020 _a187827113X
020 _a9781878271136
035 _a(Sirsi) i9781878271136
040 _aDQ$
_bspa
_cDQ$
_dOCLCQ
_dBAKER
_dOCLCF
_dOCLCO
_dOCLCQ
_dZZAND
_dPE-LiUPU
_erda
050 1 4 _aNA737.D46
_bA4 1999
082 0 4 _a720
_bD57
_221
100 1 _aDenari, Neil M,
_eautor.
245 1 0 _aGyroscopic horizons /
_cNeil M. Denari.
264 _aNew York :
_bPrinceton Architectural Press,
_c[1999]
300 _a224 páginas :
_bilustraciones ;
_c28 centímetros.
336 _atext
_2rdacontent
337 _aunmediated
_2rdamedia
338 _avolume
_2rdacarrier
504 _aBibliografía : página 222.
505 0 _aArchitectures/Scenarios/Models/Atmospherics -- Anywhere -- Appendices.
526 _aP158
526 _aP146
526 _aP17
526 _aP12
526 _aP06
541 _g003-001195;
600 1 0 _aDenari, Neil M.
_xTemas, motivos.
600 1 7 _aDenari, Neil M.
_2fast
_0(OCoLC)fst00421520
650 0 _aArquitectura
_xAspectos ambientales.
650 4 _aArquitectura
_xAspectos ambientales.
910 _ajck
_bebj
_cebj
_d20160624
942 _2ddc
_cBOOK
949 _a720 D57
_wDEWEY
_c1
_i73784
_lCCODEBUL1
_mBUL
_p12.06
_r0
_sY
_tBOOK
_u2016-6-24
_xINGENIERIA
_PP06
_0COMPRA
_o.STAFF. Colección General
994 _aC0
_bPEPRU
596 _a1
999 _a720 D57
_wDEWEY
_c10154
_i73784
_f2021-11-9
_g7
_lCCODEBUL1
_mBUL
_p12.06
_r0
_sY
_tBOOK
_u2016-6-24
_xINGENIERIA
_PP06
_0COMPRA
_o.STAFF. Colección General
_d10154
980 _81
_gALBERTO SANCHEZ Responsable de Automatización